| 000 | 01134nam a22002537a 4500 | ||
|---|---|---|---|
| 001 | 76921 | ||
| 003 | BD-RjUL | ||
| 005 | 20211209082915.0 | ||
| 008 | 200206s2017 bg ||||| |||| 00| 0 ben d | ||
| 020 | _a9789849293439 | ||
| 035 | _a(BD-RjUL)77145 | ||
| 040 |
_aBD-RjUL _beng _cBD-RjUL |
||
| 041 | _aeng | ||
| 082 |
_223 _a627.120954 _bRAH 2017 |
||
| 100 |
_aরহমান, সরদার আবদুর _9238906 |
||
| 245 |
_aহিমালয়ের ভাটিতে ভারতের নদী-নিয়ন্ত্রণ প্রকল্প ও বাংলাদেশের অবস্থান / _cসরদার আবদুর রহমান |
||
| 260 |
_aঢাকা : _bমাওলা ব্রাদার্স, _c২০১৭ |
||
| 300 |
_a১৮৪ পৃ. : _bচিত্র, ম্যাপ ; _c২২ সেমি. |
||
| 504 | _aবিবলিওগ্রাফি ও ইনডেক্স সম্বলিত। | ||
| 650 |
_aRiver engineering _zIndia _9238907 |
||
| 650 |
_aPhysical geography. _9238908 |
||
| 650 |
_aRiver engineering _xEnvironmental aspects _9238909 |
||
| 942 |
_2ddc _cBK |
||
| 999 |
_c76921 _d76921 |
||